Success and failure: two sides of the same coin.

Úvahy nad vzťahom úspechu a neúspechu v ľudských činnostiach. Neúspech ako neplánovaný, neočakávaný úder. Manažment neúspechu, ktorý v organizácii vznikol. Zdokumentovanie stavu a reorientácie postojov voči neúspechu - úloha podnikových štruktúr. Anticipovanie neúspechu. Hľadanie prvotných príčin ne...

Descripción completa

Guardado en:
Detalles Bibliográficos
Autor principal: Nelms, C.R
Formato: Capítulo de libro
Lenguaje:inglés
Materias:
Etiquetas: Agregar Etiqueta
Sin Etiquetas, Sea el primero en etiquetar este registro!

MARC

LEADER 00000naa a2200000 4500
001 r011215
005 20220913122632.2
041 0 |a eng 
044 |a US 
245 1 0 |a Success and failure: two sides of the same coin.  |c C.R. Nelms 
520 |a Úvahy nad vzťahom úspechu a neúspechu v ľudských činnostiach. Neúspech ako neplánovaný, neočakávaný úder. Manažment neúspechu, ktorý v organizácii vznikol. Zdokumentovanie stavu a reorientácie postojov voči neúspechu - úloha podnikových štruktúr. Anticipovanie neúspechu. Hľadanie prvotných príčin neúspechu. 
610 2 0 |a riadenie podnikové 
610 2 0 |a manažment 
610 2 0 |a správanie 
610 2 0 |a štruktúra podniku organizačná 
610 2 0 |a úpadok hospodársky 
610 2 0 |a podnik 
100 1 |a Nelms, C.R.